Terraria: Moon Lord Drops - Statistics

General Stats
  • This quiz has been taken 445 times
  • The average score is 8 of 15
Answer Stats
Drop % Correct
Meowmere
95%
Star Wrath
82%
Last Prism
71%
Luminite
66%
Portal Gun
64%
S.D.M.G.
63%
Terrarian
56%
Celebration
55%
Moon Lord Trophy
38%
Lunar Flare
37%
Lunar Portal Staff
37%
Moon Lord Mask
36%
Rainbow Crystal Staff
31%
Greater Healing Potion
14%
Moon Lord Treasure Bag
8%
No matching quizzes found
Score Distribution
Percent of People with Each Score
Percentile by Number Answered
Your Score History
You have not taken this quiz